Kamus ekonomi
| Format: | Book |
|---|---|
| Published: |
Kuala Lumpur :
DBP ,
1993
|
| Subjects: |
MARC
| LEADER | 00000cam a2200000 7i4500 | ||
|---|---|---|---|
| 001 | 0000005809 | ||
| 002 | 000006279 | ||
| 005 | 20000330.0 | ||
| 020 | |a 9836238328 | ||
| 090 | 0 | 0 | |a 330.03 |b KAM |
| 245 | 0 | 0 | |a Kamus ekonomi |
| 260 | |a Kuala Lumpur : |b DBP , |c 1993 | ||
| 300 | |a 324p. ; |c 22cm. | ||
| 650 | 0 | 0 | |a Economics |x Dictionaries |x Malay |
| 999 | |a 000000031 |b BUKU |c RUJUKAN |e PERPUSTAKAAN KOMUNITI PETALING JAYA | ||
| 999 | |a 037887 |b BUKU |c RUJUKAN |e PERPUSTAKAAN KOMUNITI PETALING JAYA | ||